000 00447nab a2200145Ia 4500
003 ES-SlBCS
005 20210601125442.0
008 140529s1973 xxu||||| |||| 00| 0 eng d
041 _aeng
100 1 _aBreslin, Charles F.
_9156886
245 0 0 _aIdea and Process in the Historiography of Logic
_c Charles F. Breslin
650 0 4 _aLógica
_914736
773 0 _tReview of Methaphysics
_gvol. 26, nº. 104, 1973, págs. 643-669
_wRev843
942 _cAR
999 _c530563
_d530563